000 00396 a2200145 4500
001 165473
020 _a
040 _cMagnum
100 _aKleiman, Angela B.
240 1 0 _aO ensino e a formacao do professor: alfabetizacao de jovens e adultos
_lpor
245 1 0 _aO ensino e a formacao do professor: alfabetizacao de jovens e adultos
362 0 _a1899
697 _aPSICOLOGIA
942 _cBK
999 _c165473
_d165473